005440000a2200109000450024500910000030000540009150001190014577300550026494200080031995200900032799900170041710aWhat are the Gospel? A comparison with Graeco-Roman biography. By Richard A. Burridge aVol. LXVI, No. 1 (January, 1994), Páginas 73-76 aSociety for New Testament Studies, Monograph series 70. Cambridge : Cambridge university press, 1992. xiii+292 pp0 tThe evangelical quarlerly : An international revie cANA 001040708HEMaFUSBCbFUSBCd2016-01-26l0o r2016-01-26 00:00:00w2016-01-26yANA c59698d59698